000 00470cam a2200181ua 4500
020 _cRs 0.75
041 _amal
_h
082 _a894.812 1
_bBHA/SA
100 _aBhaskaran, P .
245 _aSathrathil oru rathri /
_cP Bhaskaran.
_hTextual Documents
260 _aKottayam :
_bSahitya Pravarthaka Co-operative Society ,
_c1950.
300 _a63 ; .
365 _aRs 0.75
504 _a
650 _aPoems - Malayalam
942 _cBK
999 _c567
_d567